| 000 | 01379nac a22003731u 4500 | ||
|---|---|---|---|
| 003 | EG-ScBUE | ||
| 005 | 20220821151838.0 | ||
| 008 | 200219s2007 enk f 001 0 eng d | ||
| 020 | _a0750669020 (pbk.) | ||
| 020 | _a9780750669023 (pbk.) | ||
| 035 | _a(OCoLC)ocm70765096 | ||
| 040 |
_aEG-ScBUE _beng _erda _cEG-ScBUE _dEG-ScBUE |
||
| 082 | 0 | 4 |
_a712.30941 _bGAR _222 |
| 100 | 1 |
_aGarmory, Nicola, _eauthor. |
|
| 245 | 1 | 0 |
_aProfessional practice for landscape architects / _cNicola Garmory, Rachel Tennant, and Clare Winsch. |
| 250 | _aSecond edition. | ||
| 264 | 1 |
_aOxford : _bArchitectural Press, _c2007. |
|
| 300 |
_avii, 297 pages ; _b22 cm |
||
| 336 |
_2rdacontent _atext _btxt |
||
| 337 |
_2rdamedia _aunmediated _bn |
||
| 338 |
_2rdacarrier _avolume _bnc |
||
| 500 | _aIncludes index. | ||
| 650 | 7 |
_aLandscape architecture _zGreat Britain. _2BUEsh |
|
| 650 | 7 |
_aPlanning _xLaw and legislation _zGreat Britain. _2BUEsh |
|
| 650 | 7 |
_aLandscape architecture _xPractice _zGreat Britain. _2BUEsh |
|
| 651 | _2BUEsh | ||
| 653 | _bENGARC | ||
| 655 |
_vReading book _934232 |
||
| 700 | 1 |
_aTennant, Rachel, _eauthor. |
|
| 700 | 1 |
_aWinsch, Clare, _eauthor. |
|
| 856 | 4 | 1 |
_3Table of contents _uhttp://www.loc.gov/catdir/toc/fy0801/2006931099.html |
| 856 | 4 | 1 |
_3Publisher description _uhttp://www.loc.gov/catdir/enhancements/fy0805/2006931099-d.html |
| 942 |
_cBB _2ddc |
||
| 999 |
_c8905 _d8905 |
||